Majster Pavol z Levoče. Život, dielo, doba (Postrehy zo seminára.)

Podrobná bibliografia
Hlavný autor: Novotná, Mária, 1958- (Autor)
Médium: Článok
Jazyk:slovenčina
Predmet:

MARC

LEADER 00000nab a2200000 a 4500
001 vtls000351887
003 SK-MaSNL
005 20260304081145.0
008 250424c1989 xo 0 slo
015 |a SNBRB19rr/mm-uuuuu 
035 |a CL0352009 
035 |a urn:nbn:sk:snk-ab8m0 
035 |a (urnnbn)urn:nbn:sk:snk:ar-0055e2 
035 |a (uuid)2655e496-f960-4efb-a0b9-aa8bc0556cea 
040 |a SNKBUCL  |b slo  |c SNKBUCL  |e AACR2 
041 0 |a slo 
044 |a xo  |c SK 
080 |a 745.51.071.1:061.3  |2 1981 
080 |a 061.3  |2 1981 
080 |a 929 Pavol z Levoče  |2 1981 
100 1 |a Novotná, Mária,  |d 1958-  |4 aut  |9 274295 
245 1 0 |a Majster Pavol z Levoče. Život, dielo, doba  |b (Postrehy zo seminára.)  |c Mária Novotná 
600 0 7 |a Pavol z Levoče,  |d činný 15.-16. storočie  |2 snkbucl  |9 185330 
655 7 |a články z novín a časopisov  |2 snkbucl  |9 267496 
773 0 |t Výtvarný život  |g Roč. 34, č. 4 (1989), s. 55-56 
850 |a Slovenská národná knižnica 
852 |a Slovenská národná knižnica 
954 |a odborná, vedecká literatúra pôvodná (slovenská)  |2 lita 
957 |a 5409 
958 |a article27 
958 |a RK 
958 |a OND 
958 |a EUIPO 
992 |a RBX 
999 |c 2789751  |d 2791681